Clubs de football commençant par P - Statistiques

Statistiques générales
  • Ce quiz a été pris 382 fois
  • Le résultat moyen est 8 sur 16
Statistiques - réponses
Par images Réponse % Correct
Paris Saint-Germain
100%
Paris FC
89%
Parme Calcio
84%
PSV Eindhoven
82%
Panathinaïkós
71%
Partizan Belgrade
65%
Portland Timbers
54%
Palmeiras
51%
PAOK
49%
Pau FC
43%
Portsmouth
38%
Pescara
37%
Philadelphie
28%
Portimonense
18%
Pachuca
15%
Puskás Akadémia
3%
Aucun quiz correspondant
Distribution des résultats
% des personnes avec chaque résultat
Percentile par nombre de réponses
Votre historique - résultats
Vous n’avez pas pris ce quiz